[Event "MATCH FRANCE-ALLEMAGNE"]
[Site "?"]
[Date "2010.10.23"]
[Round "1.1"]
[White "Moehn, Hans"]
[Black "Bellaiche, Elise"]
[Result "1/2-1/2"]
[WhiteElo "2083"]
[BlackElo "1862"]
[PlyCount "57"]
[EventDate "2010.10.23"]
[SourceDate "2010.10.23"]

1. e4 e6 2. d4 d5 3. Nc3 Nf6 4. e5 Nfd7 5. f4 c5 6. Nf3 Nc6 7. Ne2 b6 8. c3 Ba6
9. a3 cxd4 10. cxd4 Na5 11. b4 Bxe2 12. Bxe2 Nc4 13. O-O b5 14. g4 Be7 15. f5
Qb6 16. Kh1 h5 17. fxe6 Qxe6 18. gxh5 Rxh5 19. Ng1 Rh8 20. Bg4 Qg6 21. Qf3 Rd8
22. Bf4 Rh4 23. h3 f5 24. exf6 Nxf6 25. Be6 Ne4 26. Bg4 Nf6 27. Be6 Ne4 28. Bg4
Nf6 29. Be6 1/2-1/2

[Event "MATCH FRANCE-ALLEMAGNE"]
[Site "?"]
[Date "2010.10.23"]
[Round "1.2"]
[White "Rigolot, Lucie"]
[Black "Kvetny, Mark"]
[Result "0-1"]
[WhiteElo "1946"]
[BlackElo "1984"]
[PlyCount "106"]
[EventDate "2010.10.23"]
[SourceDate "2010.10.23"]

1. e4 c5 2. Nf3 d6 3. d4 cxd4 4. Nxd4 Nf6 5. Nc3 a6 6. Be3 e5 7. Nb3 Be6 8. Qd2
Nbd7 9. f3 b5 10. g4 Nb6 11. Qf2 Nfd7 12. Bd3 Be7 13. O-O h5 14. Qg2 Bg5 15.
Bf2 hxg4 16. fxg4 Nf6 17. h3 d5 18. exd5 Nbxd5 19. Ne2 Rc8 20. Rfd1 Qc7 21. Bf5
Ne3 22. Bxe3 Bxe3+ 23. Kf1 Bxf5 24. gxf5 Qxc2 25. Qf3 Qe4 26. Qxe4 Nxe4 27. Rd3
Bb6 28. Rc1 Rxc1+ 29. Nbxc1 Ke7 30. Nc3 Nxc3 31. Rxc3 Rd8 32. Ke2 Rd6 33. Ra3
Bd4 34. Rg3 Kf6 35. Nd3 e4 36. Nf4 Kxf5 37. Ng2 Rg6 38. Nh4+ Kf4 39. Rxg6 fxg6
40. Nxg6+ Kf5 41. Ne7+ Ke6 42. Nc6 Bxb2 43. Ke3 Kd6 44. Nb8 a5 45. Kxe4 Ba3 46.
Na6 Kc6 47. Kd4 Bd6 48. Ke4 b4 49. Kd4 Kb6 50. Kd5 Kxa6 51. Kxd6 a4 52. Kc5 b3
53. axb3 axb3 0-1

[Event "MATCH FRANCE-ALLEMAGNE"]
[Site "?"]
[Date "2010.10.23"]
[Round "1.3"]
[White "Wiesner, Paula"]
[Black "Gelas, Christophe"]
[Result "0-1"]
[WhiteElo "1804"]
[BlackElo "2000"]
[PlyCount "110"]
[EventDate "2010.10.23"]
[SourceDate "2010.10.23"]

1. e4 e6 2. d4 d5 3. Nd2 Nf6 4. e5 Nfd7 5. Bd3 c5 6. c3 Nc6 7. Ne2 cxd4 8. cxd4
a5 9. O-O Nb6 10. f4 Be7 11. Nf3 Bd7 12. Ng3 Nb4 13. Bb1 Ba4 14. b3 Bb5 15. Re1
a4 16. Bb2 a3 17. Bc1 g6 18. Ne2 Qc7 19. Bd2 Rc8 20. Bxb4 Bxb4 21. Rf1 Bc3 22.
Bd3 Bxd3 23. Qxd3 Bxa1 24. Rxa1 O-O 25. Rc1 Qe7 26. Rxc8 Rxc8 27. Ne1 Qc7 28.
Qb5 Nd7 29. Qa4 Qd8 30. Qxa3 Ra8 31. Qb2 Qa5 32. Nd3 Qxa2 33. Qxa2 Rxa2 34. Kf2
Nb8 35. Ke3 Nc6 36. g4 Rxe2+ 37. Kxe2 Nxd4+ 38. Kd2 Nxb3+ 39. Kc3 Na5 40. Nb2
b6 41. Kb4 g5 42. fxg5 Nc6+ 43. Kb5 Nxe5 44. h3 Kg7 45. Nd1 Kg6 46. Kxb6 Kxg5
47. Kc5 Nxg4 48. hxg4 Kxg4 49. Kd4 Kf3 50. Kd3 h5 51. Kd2 h4 52. Ke1 h3 53. Nf2
h2 54. Kf1 e5 55. Nh1 e4 0-1

[Event "MATCH FRANCE-ALLEMAGNE"]
[Site "?"]
[Date "2010.10.23"]
[Round "1.4"]
[White "Viennot, Dylan"]
[Black "Berger, Nadja"]
[Result "1-0"]
[WhiteElo "2024"]
[BlackElo "1738"]
[PlyCount "61"]
[EventDate "2010.10.23"]
[SourceDate "2010.10.23"]

1. e4 Nf6 2. Nc3 e5 3. Nf3 d6 4. d4 exd4 5. Nxd4 Be7 6. Bc4 O-O 7. O-O Nbd7 8.
a4 Nc5 9. Qe2 a6 10. h3 Re8 11. b4 Ncxe4 12. Nxe4 d5 13. Ng3 Bxb4 14. Qd3 dxc4
15. Qxc4 Bd6 16. Bb2 Be6 17. Nxe6 Rxe6 18. Rad1 Qe8 19. Nf5 Rd8 20. Qh4 Be5 21.
Nxg7 Kxg7 22. Rxd8 Qxd8 23. Bxe5 Qe7 24. f4 Qc5+ 25. Kh2 Qe7 26. Rf3 Rxe5 27.
Qg3+ Kf8 28. fxe5 Nh5 29. Qe1 Qg5 30. e6 Nf4 31. Qb4+ 1-0

[Event "MATCH FRANCE-ALLEMAGNE"]
[Site "?"]
[Date "2010.10.24"]
[Round "2.1"]
[White "Wiesner, Paula"]
[Black "Viennot, Dylan"]
[Result "0-1"]
[WhiteElo "1804"]
[BlackElo "2024"]
[PlyCount "70"]
[EventDate "2010.10.23"]
[SourceDate "2010.10.23"]

1. e4 e6 2. d4 d5 3. Nd2 Be7 4. Bd3 c5 5. c3 cxd4 6. cxd4 dxe4 7. Nxe4 Nc6 8.
Nf3 Nf6 9. O-O O-O 10. Be3 Nb4 11. Bb1 b6 12. a3 Nbd5 13. Ne5 Bb7 14. Nxf6+
Nxf6 15. Qe2 Qd5 16. f3 Rfd8 17. Ba2 Qd6 18. Rac1 Nd5 19. Nc4 Qd7 20. Ne5 Qd6
21. Nc4 Ba6 22. Nxd6 Bxe2 23. Bxd5 exd5 24. Nf5 Bxf1 25. Nxe7+ Kf8 26. Nc6 Re8
27. Bd2 Bc4 28. Ne5 Rac8 29. Nxc4 Rxc4 30. Rxc4 dxc4 31. Kf2 Ke7 32. Be3 Kd6
33. Ke2 Kc6 34. Kd2 Kb5 35. Bf4 Ka4 0-1

[Event "MATCH FRANCE-ALLEMAGNE"]
[Site "?"]
[Date "2010.10.24"]
[Round "2.2"]
[White "Gelas, Christophe"]
[Black "Kvetny, Mark"]
[Result "1/2-1/2"]
[WhiteElo "2000"]
[BlackElo "1984"]
[PlyCount "102"]
[EventDate "2010.10.23"]
[SourceDate "2010.10.23"]

1. d4 Nf6 2. c4 e6 3. Nc3 Bb4 4. Qc2 c5 5. dxc5 Bxc5 6. Nf3 Qc7 7. e3 b6 8. a3
a6 9. b4 Be7 10. Bb2 Bb7 11. Bd3 d6 12. Ne4 Nbd7 13. Rc1 Rc8 14. O-O Qb8 15.
Qb1 Qa8 16. Nfd2 Nxe4 17. Bxe4 Bf6 18. Bxb7 Qxb7 19. Ne4 Be7 20. Bxg7 Rg8 21.
Bb2 f5 22. Ng3 h5 23. f3 h4 24. Ne2 Nf6 25. Bxf6 Bxf6 26. Nf4 Qg7 27. Rf2 Ke7
28. Nh5 Qg5 29. Nxf6 Qxf6 30. Qd3 h3 31. Rd1 Rcd8 32. Qd4 Qxd4 33. exd4 Rc8 34.
Rc1 Rxg2+ 35. Rxg2 hxg2 36. Kxg2 Rg8+ 37. Kf2 Rh8 38. Kg3 Rg8+ 39. Kf4 Rh8 40.
Rc2 Kf6 41. c5 bxc5 42. bxc5 e5+ 43. dxe5+ dxe5+ 44. Ke3 Ke7 45. c6 Kd8 46. Rc5
Re8 47. f4 exf4+ 48. Kxf4 Re2 49. Rxf5 Rxh2 50. Ra5 Kc7 51. Rxa6 Rc2 1/2-1/2

[Event "MATCH FRANCE-ALLEMAGNE"]
[Site "?"]
[Date "2010.10.24"]
[Round "2.3"]
[White "Bellaiche, Elise"]
[Black "Berger, Nadja"]
[Result "1/2-1/2"]
[WhiteElo "1891"]
[BlackElo "1738"]
[PlyCount "129"]
[EventDate "2010.10.23"]
[SourceDate "2010.10.23"]

1. e4 e5 2. Nf3 Nc6 3. d4 exd4 4. Bc4 Nf6 5. e5 Ng4 6. Bxf7+ Kxf7 7. Ng5+ Kg8
8. Qxg4 h6 9. Nf3 d6 10. Qe4 dxe5 11. O-O Qf6 12. Nh4 Bd6 13. g3 g5 14. Ng2 Bf5
15. Qd5+ Be6 16. Qb5 Rf8 17. Nd2 Nb4 18. Ne4 Qf3 19. Nd2 Qd5 20. Qxd5 Bxd5 21.
Ne1 Bc6 22. c4 Bd7 23. a3 Nc6 24. Ne4 Bh3 25. Ng2 Bf5 26. Re1 Rh7 27. h4 g4 28.
Nxd6 cxd6 29. h5 Na5 30. a4 Nxc4 31. b3 Na5 32. Ra3 Bc2 33. b4 Nc6 34. Bd2 d3
35. Re4 Nd4 36. Rxg4+ Rg7 37. Rxg7+ Kxg7 38. Ne1 Nf3+ 39. Nxf3 Rxf3 40. Rc3
Bxa4 41. Rc7+ Rf7 42. Rxf7+ Kxf7 43. Bxh6 Bd1 44. Kg2 Bxh5 45. f3 d5 46. g4 Bg6
47. Bd2 b6 48. Kg3 Ke6 49. Kh4 e4 50. fxe4 dxe4 51. Kg5 Be8 52. Kf4 Kd5 53. Ke3
Bg6 54. Be1 Kc4 55. Bd2 Kb5 56. Kd4 a5 57. bxa5 bxa5 58. Kc3 a4 59. g5 Bf7 60.
Be3 a3 61. Bd4 a2 62. Kd2 Kc4 63. Ba1 Kb3 64. Bd4 e3+ 65. Kxd3 1/2-1/2

[Event "MATCH FRANCE-ALLEMAGNE"]
[Site "?"]
[Date "2010.10.24"]
[Round "2.4"]
[White "Moehn, Hans"]
[Black "Rigolot, Lucie"]
[Result "1-0"]
[WhiteElo "2013"]
[BlackElo "1946"]
[PlyCount "139"]
[EventDate "2010.10.23"]
[SourceDate "2010.10.23"]

1. e4 c5 2. Nf3 d6 3. d4 cxd4 4. Nxd4 Nf6 5. Nc3 a6 6. Be3 Ng4 7. Bc1 Nf6 8.
Be3 Ng4 9. Bg5 h6 10. Bh4 g5 11. Bg3 Bg7 12. Be2 h5 13. h4 gxh4 14. Bxh4 Nc6
15. Nb3 Nce5 16. Qd2 Ng6 17. Bg5 Qb6 18. Bxg4 Bxg4 19. f3 Be6 20. Be3 Qc7 21.
f4 Bc4 22. Nd4 Bxd4 23. Bxd4 e5 24. Be3 O-O-O 25. f5 Ne7 26. f6 Nc6 27. Nd5
Bxd5 28. exd5 Nb8 29. O-O-O Nd7 30. Rdf1 Qc4 31. b3 Qg4 32. Rf2 Qg6 33. Rhf1 h4
34. a4 b6 35. Qc3+ Kb7 36. Qc6+ Ka7 37. Qc7+ Ka8 38. Bxb6 Nxb6 39. Qxb6 Qe4 40.
Qxa6+ Kb8 41. Qb5+ Ka7 42. Kb2 Qg4 43. Qd3 Rb8 44. Ka2 h3 45. gxh3 Rxh3 46. Qf5
Qxf5 47. Rxf5 Rc3 48. R5f2 Rbc8 49. Kb2 R3c5 50. c4 Rb8 51. Ka3 Ka6 52. Rg1 Rc7
53. Rg7 Rcb7 54. Rf3 Ka7 55. Rg2 Ka6 56. Rb2 Ka5 57. Rc3 Rc8 58. b4+ Ka6 59. c5
dxc5 60. bxc5 Rbc7 61. Rb6+ Ka7 62. Kb4 Rd7 63. d6 e4 64. Re3 Re8 65. Kc4 Re6
66. Kd5 Rxf6 67. Kc6 Rd8 68. Rxe4 Rg6 69. Re7+ Ka8 70. Ra6+ 1-0

[Event "MATCH FRANCE-ALLEMAGNE"]
[Site "?"]
[Date "2010.10.25"]
[Round "3.1"]
[White "Gelas, Christophe"]
[Black "Moehn, Hans"]
[Result "0-1"]
[WhiteElo "2000"]
[BlackElo "1984"]
[PlyCount "80"]
[EventDate "2010.10.23"]
[SourceDate "2010.10.23"]

1. d4 Nf6 2. c4 g6 3. Nc3 Bg7 4. e4 d6 5. f3 O-O 6. Bg5 a6 7. a4 a5 8. Qd2 Nc6
9. d5 Nb4 10. Nge2 Nd7 11. Ra3 Nc5 12. Nc1 f6 13. Be3 e5 14. Nd3 b6 15. Nb5 f5
16. Bg5 Bf6 17. Bxf6 Qxf6 18. Nxc5 bxc5 19. Be2 Rf7 20. O-O f4 21. Raa1 h5 22.
Rac1 g5 23. Kf2 g4 24. Rh1 Rg7 25. Rcg1 Qh4+ 26. Kf1 gxf3 27. Bxf3 Bg4 28. h3
Bc8 29. Qd1 Ba6 30. Bxh5 Nc2 31. Qxc2 Qxh5 32. g4 fxg3 33. Kg2 Rf8 34. Rf1 Rf2+
35. Rxf2 gxf2+ 36. Kxf2 Qh4+ 37. Kf1 Rf7+ 38. Kg1 Rg7+ 39. Kf1 Rf7+ 40. Kg1 Qf4
0-1

[Event "MATCH FRANCE-ALLEMAGNE"]
[Site "?"]
[Date "2010.10.25"]
[Round "3.2"]
[White "Kvetny, Mark"]
[Black "Viennot, Dylan"]
[Result "1/2-1/2"]
[WhiteElo "1984"]
[BlackElo "2024"]
[PlyCount "42"]
[EventDate "2010.10.23"]
[SourceDate "2010.10.23"]

1. d4 Nf6 2. c4 c5 3. d5 g6 4. Nc3 Bg7 5. e4 d6 6. h3 e5 7. Nf3 Nbd7 8. Bg5 Qa5
9. Nd2 a6 10. Be2 Rb8 11. O-O h6 12. Be3 Ng8 13. Qc2 g5 14. g3 Nf8 15. Bg4 Bxg4
16. hxg4 Nf6 17. f3 N8d7 18. Kg2 Ke7 19. a3 Rhc8 20. b4 Qc7 21. Rfc1 b6 1/2-1/2

[Event "MATCH FRANCE-ALLEMAGNE"]
[Site "?"]
[Date "2010.10.25"]
[Round "3.3"]
[White "Bellaiche, Elise"]
[Black "Wiesner, Paula"]
[Result "1-0"]
[WhiteElo "1891"]
[BlackElo "1804"]
[PlyCount "97"]
[EventDate "2010.10.23"]
[SourceDate "2010.10.23"]

1. e4 c5 2. c3 d5 3. exd5 Qxd5 4. d4 Nc6 5. Nf3 Bg4 6. Be2 cxd4 7. cxd4 e6 8.
Nc3 Qd8 9. Be3 Nf6 10. O-O Be7 11. Qd2 O-O 12. Rfd1 Nb4 13. Ne5 Bxe2 14. Qxe2
Nbd5 15. Rac1 Rc8 16. Qb5 Qb6 17. Qxb6 Nxb6 18. Bg5 Nfd5 19. Bxe7 Nxe7 20. Nb5
Ned5 21. Nd6 Rb8 22. a4 f6 23. a5 Nc8 24. Nxc8 Rbxc8 25. Nd7 Rfe8 26. Nc5 b6
27. axb6 axb6 28. Ne4 Red8 29. Kf1 Kf8 30. b3 Rxc1 31. Rxc1 Nf4 32. Rc4 b5 33.
Rb4 Nd3 34. Rxb5 Rxd4 35. f3 Rb4 36. Rxb4 Nxb4 37. Ke2 Ke7 38. Kd2 Kd7 39. Kc3
Nd5+ 40. Kd4 Kc6 41. g3 e5+ 42. Kc4 Ne3+ 43. Kd3 Nf1 44. Ke2 Nxh2 45. g4 h5 46.
gxh5 Kd5 47. Nxf6+ Kd4 48. Ng4 Nxf3 49. Kxf3 1-0

[Event "MATCH FRANCE-ALLEMAGNE"]
[Site "?"]
[Date "2010.10.25"]
[Round "3.4"]
[White "Berger, Nadja"]
[Black "Rigolot, Lucie"]
[Result "0-1"]
[WhiteElo "1738"]
[BlackElo "1946"]
[PlyCount "64"]
[EventDate "2010.10.23"]
[SourceDate "2010.10.23"]

1. e4 c5 2. Nf3 d6 3. d4 cxd4 4. Nxd4 Nf6 5. Nc3 a6 6. Bg5 e6 7. Bc4 Nbd7 8.
Qd2 b5 9. Bd3 Bb7 10. f4 Be7 11. a3 Qb6 12. Nb3 h6 13. Bxf6 Bxf6 14. Rf1 Rc8
15. Nd1 O-O 16. c3 e5 17. g3 Rfe8 18. f5 d5 19. Nf2 Bg5 20. Qe2 Nf6 21. h4 Be3
22. Nd2 Rcd8 23. Rd1 Bxd2+ 24. Rxd2 Qc6 25. exd5 Rxd5 26. Bc2 Qb6 27. Rxd5 Nxd5
28. Be4 Ne3 29. Rg1 Bxe4 30. Nxe4 Rd8 31. Nd2 Nc4 32. Nxc4 Qxg1+ 0-1

[Event "MATCH FRANCE-ALLEMAGNE"]
[Site "?"]
[Date "2010.10.26"]
[Round "4.3"]
[White "Rigolot, Lucie"]
[Black "Wiesner, Paula"]
[Result "1-0"]
[WhiteElo "1946"]
[BlackElo "1804"]
[PlyCount "77"]
[EventDate "2010.10.23"]
[SourceDate "2010.10.23"]

1. e4 c5 2. Nf3 Nc6 3. d4 cxd4 4. Nxd4 Nf6 5. Nc3 e5 6. Ndb5 d6 7. Bg5 a6 8.
Na3 b5 9. Nd5 Be7 10. Bxf6 Bxf6 11. c4 b4 12. Nc2 a5 13. Be2 O-O 14. O-O Be6
15. Nxf6+ gxf6 16. Qd3 Qd7 17. Rad1 Rad8 18. Ne3 Nd4 19. f4 Qa7 20. Kh1 Kh8 21.
f5 Bc8 22. Nd5 Ba6 23. b3 Rg8 24. Nxf6 Rg7 25. Rfe1 Qe7 26. Nh5 Rg5 27. Qd2
Rdg8 28. Rg1 Bb7 29. Qe3 Nxe2 30. Qxe2 Bxe4 31. Qxe4 Rxh5 32. Rgf1 f6 33. Rd3
Qc7 34. Qd5 Rd8 35. Qe6 Rh6 36. Rfd1 Kg7 37. Rxd6 Rxd6 38. Rxd6 Kh8 39. Qe8+
1-0

[Event "MATCH FRANCE-ALLEMAGNE"]
[Site "?"]
[Date "2010.10.26"]
[Round "4.4"]
[White "Berger, Nadja"]
[Black "Gelas, Christophe"]
[Result "0-1"]
[WhiteElo "1738"]
[BlackElo "2000"]
[PlyCount "98"]
[EventDate "2010.10.23"]
[SourceDate "2010.10.23"]

1. e4 e6 2. d4 d5 3. Nc3 Bb4 4. exd5 exd5 5. Nf3 Nf6 6. Bd3 Qe7+ 7. Qe2 Qxe2+
8. Bxe2 Bf5 9. Bd3 Be4 10. Ne5 Nbd7 11. Bf4 c5 12. Nxd7 Nxd7 13. Bxe4 dxe4 14.
O-O Bxc3 15. bxc3 O-O-O 16. Rfd1 c4 17. Rab1 Nb6 18. Rb4 Rd5 19. Re1 Re8 20.
Ra1 Red8 21. a4 Ra5 22. Kf1 Rdd5 23. Ke2 h6 24. h4 f6 25. g4 f5 26. g5 h5 27.
Be5 g6 28. Bf4 Rd8 29. Rb5 Rd5 30. Rb4 Kd7 31. Be5 Kc6 32. Kd2 Rd8 33. Ke2 Rdd5
34. Kd2 {Diagramme #} Ra6 35. Bf4 Rda5 36. Bb8 Rxa4 37. Raxa4 Rxa4 38. Rxa4
Nxa4 39. Bxa7 Kc7 40. d5 Kd6 41. Bb8+ Kxd5 42. Bf4 Nb6 43. Bc7 Kc5 44. Be5 Nd5
45. Bd4+ Kd6 46. Ba7 f4 47. Bd4 Ke6 48. Ke2 f3+ 49. Kd2 Kf5 0-1

[Event "MATCH FRANCE-ALLEMAGNE"]
[Site "?"]
[Date "2010.10.26"]
[Round "4.1"]
[White "Viennot, Dylan"]
[Black "Moehn, Hans"]
[Result "1/2-1/2"]
[WhiteElo "2024"]
[BlackElo "2013"]
[PlyCount "40"]
[EventDate "2010.10.23"]
[SourceDate "2010.10.23"]

1. e4 c5 2. Nf3 Nc6 3. Bb5 g6 4. O-O Bg7 5. c3 Nf6 6. Re1 O-O 7. h3 e5 8. Na3
d6 9. d4 cxd4 10. cxd4 Nxd4 11. Nxd4 exd4 12. Qxd4 a6 13. Bf1 Re8 14. Qd3 d5
15. Bg5 dxe4 16. Qxd8 Rxd8 17. Nc4 b5 18. Nb6 Rb8 19. Nxc8 Rdxc8 20. a4 h6
1/2-1/2

[Event "MATCH FRANCE-ALLEMAGNE"]
[Site "?"]
[Date "2010.10.26"]
[Round "4.2"]
[White "Kvetny, Mark"]
[Black "Bellaiche, Elise"]
[Result "1-0"]
[WhiteElo "1984"]
[BlackElo "1891"]
[PlyCount "145"]
[EventDate "2010.10.23"]
[SourceDate "2010.10.23"]

1. d4 e6 2. c4 Nf6 3. Nc3 Bb4 4. Qc2 c5 5. dxc5 O-O 6. a3 Bxc5 7. Nf3 b6 8. Bf4
Bb7 9. e3 d5 10. Rd1 Nc6 11. Be2 Ne7 12. Bg5 Qc7 13. Bxf6 gxf6 14. b4 Bd6 15.
Nb5 Qc6 16. Nxd6 Qxd6 17. cxd5 exd5 18. O-O Rac8 19. Qb3 Qc6 20. Nd4 Qd7 21.
Rd2 Nf5 22. Bg4 Nxd4 23. Rxd4 f5 24. Bf3 Rfd8 25. Rfd1 Qe6 26. g3 Rd7 27. Qd3
Rcd8 28. Kg2 Rd6 29. Rd2 Kf8 30. Rf4 Bc8 31. Rh4 h6 32. Rd4 Bb7 33. Rf4 Bc8 34.
Rd4 Bb7 35. Bd1 Qe5 36. h3 Bc8 37. Bf3 Bb7 38. Rf4 Bc8 39. Rd1 Ke7 40. Rd4 Bb7
41. Rc1 Rc6 42. Rxc6 Bxc6 43. Rf4 Bd7 44. Qxd5 Qxd5 45. Bxd5 Be6 46. Bf3 Rd3
47. a4 Ra3 48. Bd1 Bd5+ 49. Kf1 Be4 50. Ke1 Ra2 51. f3 Bc6 52. b5 Bd7 53. Rd4
Rg2 54. g4 fxg4 55. hxg4 Ra2 56. Rd2 Ra3 57. Kf2 Be6 58. f4 Bb3 59. Bxb3 Rxb3
60. Kf3 Ra3 61. Rd4 Ra1 62. Ke4 Re1 63. Rd3 Ra1 64. Rd4 Re1 65. f5 f6 66. Rc4
Rg1 67. Kd5 Rd1+ 68. Kc6 Rd3 69. Kb7 Rd6 70. Rc7+ Kd8 71. Rh7 Ke8 72. Kxa7 Kd8
73. a5 1-0

[Event "MATCH FRANCE-ALLEMAGNE"]
[Site "?"]
[Date "2010.10.27"]
[Round "5.4"]
[White "Berger, Nadja"]
[Black "Viennot, Dylan"]
[Result "0-1"]
[WhiteElo "1738"]
[BlackElo "2024"]
[PlyCount "48"]
[EventDate "2010.10.23"]
[SourceDate "2010.10.23"]

1. e4 c5 2. Nf3 Nc6 3. d4 cxd4 4. Nxd4 e5 5. Nb5 d6 6. N1c3 a6 7. Na3 b5 8. Nd5
Nge7 9. c4 Nd4 10. Nc2 Nxd5 11. cxd5 Bg4 12. Qd3 Nxc2+ 13. Qxc2 Rc8 14. Qd2 Be7
15. Be2 Bd7 16. O-O f5 17. f3 f4 18. Qd1 h5 19. Bd2 {Diagramme #} Rh6 20. Qe1
Bh4 21. Qd1 Rg6 22. Kh1 Qg5 23. Rg1 Bf2 24. Bc3 Qh4 0-1

[Event "MATCH FRANCE-ALLEMAGNE"]
[Site "?"]
[Date "2010.10.27"]
[Round "5.2"]
[White "Kvetny, Mark"]
[Black "Rigolot, Lucie"]
[Result "1/2-1/2"]
[WhiteElo "1984"]
[BlackElo "1946"]
[Annotator "Triger,Franck"]
[PlyCount "47"]
[EventDate "2010.10.23"]
[SourceDate "2010.10.23"]

1. d4 d5 2. c4 c6 3. Nc3 e6 4. Nf3 dxc4 5. a4 Bb4 6. e3 b5 7. Bd2 a5 8. axb5
Bxc3 9. Bxc3 cxb5 10. b3 Bb7 11. d5 Nf6 12. bxc4 b4 13. Bxf6 Qxf6 14. Qa4+ Nd7
15. Nd4 Ke7 16. Be2 {Diagramme #} e5 (16... exd5) 17. d6+ $2 (17. Nb3 Rhd8)
17... Kxd6 18. Bg4 Nc5 19. Qb5 exd4 20. exd4 Nd3+ 21. Kd2 {Diagramme #} Qxd4 (
21... Qf4+ 22. Kc2 Qxg4 23. Qb6+ Bc6) 22. Qd7+ Kc5 23. Qb5+ Kd6 24. Qd7+
1/2-1/2

[Event "MATCH FRANCE-ALLEMAGNE"]
[Site "?"]
[Date "2010.10.27"]
[Round "5.3"]
[White "Gelas, Christophe"]
[Black "Weisner, Paula"]
[Result "1/2-1/2"]
[WhiteElo "2000"]
[BlackElo "1804"]
[PlyCount "71"]
[EventDate "2010.10.23"]
[SourceDate "2010.10.23"]

1. d4 d5 2. c4 e6 3. Nc3 Nf6 4. Bg5 Nbd7 5. e3 c6 6. Nf3 Be7 7. Rc1 O-O 8. Bd3
dxc4 9. Bxc4 Nd5 10. Bxe7 Qxe7 11. O-O Nxc3 12. Rxc3 e5 13. dxe5 Nxe5 14. Nxe5
Qxe5 15. Qb3 Qe7 16. Rd1 Bf5 17. Bd3 Be6 18. Qc2 h6 19. Bc4 Rad8 20. a3 Rxd1+
21. Qxd1 Rd8 22. Rd3 Rxd3 23. Qxd3 Bxc4 24. Qxc4 Qd6 25. g3 Qd2 26. b4 Qd5 27.
Qxd5 cxd5 28. Kf1 Kf8 29. Ke2 Ke7 30. Kd3 Kd6 31. Kd4 b6 32. g4 g6 33. h4 f6
34. f4 f5 35. gxf5 gxf5 36. h5 1/2-1/2

[Event "MATCH FRANCE-ALLEMAGNE"]
[Site "?"]
[Date "2010.10.27"]
[Round "5.1"]
[White "Bellaiche, Elise"]
[Black "Moehn, Hans"]
[Result "0-1"]
[WhiteElo "1891"]
[BlackElo "2013"]
[PlyCount "118"]
[EventDate "2010.10.23"]
[SourceDate "2010.10.23"]

1. e4 c5 2. c3 Nf6 3. e5 Nd5 4. d4 cxd4 5. cxd4 d6 6. Nf3 Nc6 7. Bc4 dxe5 8.
dxe5 Ndb4 9. Qb3 e6 10. O-O Bd7 11. Na3 Na5 12. Qd1 Nxc4 13. Nxc4 Bb5 14. b3
Be7 15. a3 Bxc4 16. bxc4 Qxd1 17. Rxd1 Nc6 18. Rb1 b6 19. Bb2 Rc8 20. Nd4 Nxd4
21. Rxd4 Bc5 22. Rd3 Ke7 23. Kf1 Rc7 24. Rbd1 Rhc8 25. Ke2 Ke8 26. Rc1 Be7 27.
Rdc3 Rc5 28. f4 f6 29. R3c2 fxe5 30. Bxe5 g5 31. g3 gxf4 32. gxf4 b5 33. Kd3
bxc4+ 34. Rxc4 Rxc4 35. Rxc4 Rxc4 36. Kxc4 Bxa3 37. Kb5 Bc1 38. Ka6 Be3 39. Kb5
Kd7 40. h3 h5 41. Kc4 Kc6 42. Kd3 Bc5 43. Ke4 a5 44. f5 exf5+ 45. Kxf5 Kd5 46.
Bb2 a4 47. Kg5 Kc4 48. Kxh5 Kb3 49. Bf6 a3 50. Kg6 a2 51. h4 Be7 52. Bxe7 a1=Q
53. Bf6 Qb1+ 54. Kh6 Qf5 55. Bg5 Qf7 56. h5 Kc4 57. Bd8 Qf8+ 58. Kh7 Qxd8 59.
h6 Qf8 0-1

[Event "MATCH FRANCE-ALLEMAGNE"]
[Site "?"]
[Date "2010.10.28"]
[Round "6.2"]
[White "Kvetny, Mark"]
[Black "Gelas, Christophe"]
[Result "0-1"]
[WhiteElo "1984"]
[BlackElo "2000"]
[Annotator "Triger,Franck"]
[PlyCount "64"]
[EventDate "2010.10.23"]
[SourceDate "2010.10.23"]

1. d4 d5 2. c4 c6 3. Nf3 Nf6 4. Nc3 dxc4 5. a4 Bf5 6. Ne5 e6 7. f3 Bb4 8. Bg5
h6 9. Bxf6 Qxf6 10. e4 Bh7 11. Bxc4 O-O 12. Qb3 a5 13. Rd1 Rd8 14. O-O Nd7 15.
Ng4 Qg5 16. Na2 Qe7 17. Nxb4 axb4 18. Qc2 Nb6 19. b3 c5 20. dxc5 Qxc5+ 21. Nf2
Nd5 22. Qd2 Bxe4 23. fxe4 Ne3 24. Qxd8+ Rxd8 25. Rxd8+ Kh7 26. Rc1 $6 (26. Rd7
Qg5 27. g3 Nxf1 28. Bxf1 Qe3 29. Bd3 $16) 26... Qg5 {Diagramme #} 27. g3 Qxd8
28. Bd3 e5 29. Re1 Qd4 30. Kh1 Qb2 31. Be2 Qd2 32. Nd3 Nc2 0-1

[Event "MATCH FRANCE-ALLEMAGNE"]
[Site "?"]
[Date "2010.10.28"]
[Round "6.4"]
[White "Berger, Nadja"]
[Black "Bellaiche, Elise"]
[Result "1/2-1/2"]
[WhiteElo "1738"]
[BlackElo "1891"]
[PlyCount "82"]
[EventDate "2010.10.23"]
[SourceDate "2010.10.23"]

1. c4 c6 2. g3 d5 3. cxd5 cxd5 4. Bg2 e5 5. e3 Nc6 6. Ne2 Nf6 7. O-O Bd6 8. h3
O-O 9. d4 e4 10. a3 a5 11. Nbc3 Be6 12. Nb5 Bb8 13. Rb1 Na7 14. Nxa7 Rxa7 15.
Bd2 Bd6 16. Qa4 Bd7 17. Qd1 Bb5 18. Re1 Bd3 19. Ra1 Qb6 20. Bc3 Rc8 21. Nc1 Bc4
22. Bf1 Bxf1 23. Rxf1 a4 24. Qd2 Nd7 25. Ne2 Qb5 26. Rfc1 Nb6 27. Bb4 Rxc1+ 28.
Rxc1 Bxb4 29. Qxb4 Qxb4 30. axb4 h6 31. Ra1 Ra8 32. Nc3 Kf8 33. Kf1 Ke7 34. Ke2
Ke6 35. Nb5 Rc8 36. Na3 g5 37. Kd1 f5 38. Rc1 Rxc1+ 39. Kxc1 f4 40. g4 fxe3 41.
fxe3 Kd6 1/2-1/2

[Event "MATCH FRANCE-ALLEMAGNE"]
[Site "?"]
[Date "2010.10.28"]
[Round "6.3"]
[White "Viennot, Dylan"]
[Black "Wiesner, Paula"]
[Result "1/2-1/2"]
[WhiteElo "2024"]
[BlackElo "1804"]
[PlyCount "94"]
[EventDate "2010.10.23"]
[SourceDate "2010.10.23"]

1. e4 e6 2. d4 d5 3. Nd2 Nf6 4. e5 Nfd7 5. Bd3 c5 6. c3 Nc6 7. Ne2 cxd4 8. cxd4
f6 9. exf6 Nxf6 10. Nf3 Bd6 11. O-O O-O 12. Bf4 Bxf4 13. Nxf4 Qd6 14. Ne2 e5
15. dxe5 Nxe5 16. Nxe5 Qxe5 17. Qc2 Bg4 18. Rae1 Rac8 19. Qb3 Qc7 20. Nc3 Qf7
21. Nb5 Ra8 22. Rc1 Rfd8 23. Rfe1 a6 24. Rc7 Rd7 25. Rxd7 Qxd7 26. Nd4 Re8 27.
Rc1 Rc8 28. Re1 Re8 29. Rc1 Rc8 30. Rxc8+ Qxc8 31. Qc2 Qxc2 32. Bxc2 Kf7 33. f3
Be6 34. Kf2 Ke7 35. Ke3 Kd6 36. g4 g5 37. h3 Ke5 38. Bf5 Bxf5 39. Nxf5 h5 40.
b3 hxg4 41. hxg4 b6 42. Nd4 a5 43. a3 Nd7 44. b4 axb4 45. axb4 Nf8 46. Nc6+ Kd6
47. Nd4 Ke5 1/2-1/2

[Event "MATCH FRANCE-ALLEMAGNE"]
[Site "?"]
[Date "2010.10.28"]
[Round "6.1"]
[White "Rigolot, Lucie"]
[Black "Moehn, Hans"]
[Result "1/2-1/2"]
[WhiteElo "1946"]
[BlackElo "2013"]
[PlyCount "127"]
[EventDate "2010.10.23"]
[SourceDate "2010.10.23"]

1. e4 c5 2. Nf3 Nc6 3. d4 cxd4 4. Nxd4 g6 5. c4 Bg7 6. Be3 Nf6 7. Nc3 Ng4 8.
Nxc6 dxc6 9. Qxd8+ Kxd8 10. Rd1+ Kc7 11. Bd4 Bxd4 12. Rxd4 e5 13. Rd2 Be6 14.
h3 Nf6 15. Bd3 Rad8 16. b3 Rd7 17. Bc2 Nh5 18. g3 f6 19. Ke2 Ng7 20. Ke3 Rxd2
21. Kxd2 Bd7 22. f4 Ne6 23. f5 Nd4 24. g4 h5 25. fxg6 hxg4 26. h4 Nf3+ 27. Ke2
Rxh4 28. Rxh4 Nxh4 29. g7 Be6 30. Kf2 Kd7 31. Bd1 Nf3 32. Ne2 Ke7 33. Ng3 Kf7
34. Bxf3 gxf3 35. Kxf3 Kxg7 36. c5 Kg6 37. Ne2 b6 38. cxb6 axb6 39. Nc3 b5 40.
b4 f5 41. a4 bxa4 42. exf5+ Kxf5 43. Nxa4 Bd5+ 44. Ke3 Ke6 45. Nc5+ Kd6 46.
Nb7+ Kc7 47. Nc5 Kd6 48. Nb7+ Ke6 49. Nc5+ Kf5 50. Na4 Kf6 51. Nc5 Be6 52. Nd3
Bf5 53. Nc5 Ke7 54. Na4 Kd6 55. Nc3 Kc7 56. b5 c5 57. Na4 c4 58. Kd2 Kd6 59.
Kc3 Be6 60. b6 Kc6 61. b7 Kc7 62. Nc5 Bd5 63. Nd7 Kxb7 64. Nxe5 1/2-1/2

[Event "MATCH FRANCE-ALLEMAGNE"]
[Site "?"]
[Date "2010.10.29"]
[Round "7.1"]
[White "Moehn, Hans"]
[Black "Gelas, Christophe"]
[Result "1/2-1/2"]
[WhiteElo "2013"]
[BlackElo "2000"]
[PlyCount "47"]
[EventDate "2010.10.23"]
[SourceDate "2010.10.23"]

1. e4 e6 2. d4 d5 3. Nc3 Bb4 4. e5 c5 5. a3 Bxc3+ 6. bxc3 Qc7 7. Nf3 Ne7 8. Bd3
c4 9. Be2 Nbc6 10. h4 Bd7 11. h5 h6 12. O-O O-O-O 13. Nh2 Ng8 14. Bg4 f5 15.
Bf3 Nge7 16. Re1 Rdg8 17. Nf1 Nd8 18. Kh1 Nf7 19. Bf4 Ng5 20. Bh2 Nxf3 21. Qxf3
g6 22. hxg6 Nxg6 23. Ne3 Nh4 24. Qh3 1/2-1/2